000 00279nam a2200121Ia 4500
005 20251222141802.0
008 251222s9999||||xx |||||||||||||| ||spa||
082 _a475.02/S31
100 _aScorpio, Tommaso
245 0 _aAd Latino Diocendum.
264 _bAssociate
942 _cLIB
999 _c6200
_d6200